01294nam a2200265 a 450000100100000000500170001000800410002704000250006808200150009310000250010824501080013325000130024126000700025430000360032465000340036065000350039470000300042970000340045970000360049395201130052995201190064295201250076195201250088699900170101100002416320200930022754.0100901s1975 xxuac r 000 e spa d aDO-SdBNPbspacBNPHU a814bM434b1 aMatson, T. B.94428111a¿Bueno o malo? /cT. B. Matson , William M. Pinson , traducción Rubén Zorzoli , Alicia de Zorzoli. aed. rev. aTexas, (Estados Unidos) :bCasa Bautista de Publicaciones,c1975. a160 p. :bil., retrs. ;c19 cm. 4aEnsayos estadounidenses99895 4aLiteratura estadounidense92631 aPinson, William M.9496181 aZorzoli, Rubén,etr.9496121 aZorzoli, Alicia de,etr.949619 001050718MOaGRbGRcHDd2011-01-19iLF1l0o814 M434bp24163-10r2020-06-25w2020-06-25y1ZNo se presta 001050718MOaGRbGRcHDd2011-02-04iLF1l0o814 M434bp24163-20r2020-06-25te. 2w2020-06-25y1ZNo se presta 001154708MOaGRbGRcMId2017-05-22iLF1l0o814 M434bp24163-30r2020-06-25te. 3w2020-06-25y4ZPréstamo en sala 001154708MOaGRbGRcMId2017-05-22iLF1l0o814 M434bp24163-40r2020-06-25te. 4w2020-06-25y4ZPréstamo en sala c23657d23657